500 Children's Stories (Record no. 11606)
[ view plain ]
| 000 -LEADER | |
|---|---|
| fixed length control field | 00235nam a22000857a 4500 |
| 008 - FIXED-LENGTH DATA ELEMENTS--GENERAL INFORMATION | |
| fixed length control field | 190820b ||||| |||| 00| 0 eng d |
| 100 ## - MAIN ENTRY--PERSONAL NAME | |
| Personal name | Khari smarika |
| 9 (RLIN) | 7314 |
| 245 ## - TITLE STATEMENT | |
| Title | 500 Children's Stories |
| 260 ## - PUBLICATION, DISTRIBUTION, ETC. (IMPRINT) | |
| Place of publication, distribution, etc. | New Delhi |
| Name of publisher, distributor, etc. | Excellent Printers |
| Date of publication, distribution, etc. | 2019 |
| Withdrawn status | Lost status | Source of classification or shelving scheme | Damaged status | Koha normalized classification for sorting | Not for loan | Home library | Current library | Shelving location | Date acquired | Total Checkouts | Full call number | Barcode | Date last seen | Date last checked out | Price effective from | Koha item type |
|---|---|---|---|---|---|---|---|---|---|---|---|---|---|---|---|---|
| Dewey Decimal Classification | 170_000000000000000 | Good Samaritan School Library | Good Samaritan School Library | Moral Science | 08/20/2019 | 1 | 170 | KHA15536 | 03/14/2023 | 04/11/2022 | 08/20/2019 | BOOK |